Utwory Jana Kochanowskiego - nagła śmierć - Statystyki

Ogólne statystyki
  • Ten quiz został rozwiązany 439 razy
  • Średni wynik to 5 z 10
Answers on the Grid
Answers color-coded by a green-red scale on the quiz's grid according to % correct below.
,,O doktorze Hiszpanie"
,,Odprawa posłów greckich"
,,Pieśń o spustoszeniu Podola"
,,Na lipę"
,,Na zdrowie"
,,Pieśń świętojańska o Sobótce"
,,O żywocie ludzkim"
,,Czego chcesz od nas, Panie…"
Tren IX
,,Do gór i lasów"
,,Bogurodzica"
,,Lament świętokrzyski"
,,Oda do młodości"
,,Hymn do miłości ojczyzny"
,,Laura i Filon"
,,Nie-boska komedia"
 
Statystyki odpowiedzi
Odpowiedź % Poprawnych
Tren IX
86%
,,Na lipę"
80%
,,Na zdrowie"
74%
,,Odprawa posłów greckich"
51%
,,Czego chcesz od nas, Panie…"
50%
,,O żywocie ludzkim"
48%
,,Do gór i lasów"
42%
,,Pieśń świętojańska o Sobótce"
42%
,,O doktorze Hiszpanie"
38%
,,Pieśń o spustoszeniu Podola"
37%
Nie znaleziono quizów pasujących do podanych kryteriów
Rozkład punktacji
Procent ludzi z każdym wynikiem
Percentyl według liczby udzielonych odpowiedzi
Twoja historia wyników
Nie rozwiązałeś tego quizu